Megtartás és elkötelezettség az operátor munkakörben foglalkoztatott munkavállalók körében egy autóipari vállalatnál

Bibliographic Details
Main Author: Kovács Zsófia
Other Authors: Krajcsák Dr. Zoltán
Holczhacker Vivien
Format: Final Paper
Kulcsszavak:Megtartás
Elkötelezettség
Autóipar
Online Access:http://dolgozattar.uni-bge.hu/21008

MARC

LEADER 00000nta a2200000 i 4500
001 dolg21008
005 20190510091436.0
008 190510suuuu hu o 000 hun d
040 |a BGE Dolgozattár Repozitórium  |b hun 
041 |a hu 
100 1 |a Kovács Zsófia 
245 1 0 |a Megtartás és elkötelezettség az operátor munkakörben foglalkoztatott munkavállalók körében egy autóipari vállalatnál  |c Kovács Zsófia  |h [elektronikus dokumentum] 
516 |a Final_paper 
695 |a Megtartás 
695 |a Elkötelezettség 
695 |a Autóipar 
700 1 |a Krajcsák Dr. Zoltán  |e ths 
700 1 |a Holczhacker Vivien  |e ths 
856 4 0 |u http://dolgozattar.uni-bge.hu/21008/1/Titkos%C3%ADt%C3%A1si%20k%C3%A9relem.pdf  |z Dokumentum-elérés 
856 4 0 |u http://dolgozattar.uni-bge.hu/21008/2/SZAKDOLGOZAT.pdf  |z Dokumentum-elérés